[Event "HCL-B3792"]
[Site "www.playchess.de"]
[Date "2006.01.15"]
[Round "7"]
[White "sarx"]
[Black "Phenomium"]
[WhiteElo "1187"]
[BlackElo "1112"]
[PlyCount "44"]
[Result "1-0"]

1.e4 e6 2.Nf3 d5 3.e5 Nc6 4.d4 Be7 5.Bb5 Bb4+ 6.c3 
a6 7.Bxc6+ bxc6 8.cxb4 Ne7 9.Bg5 O-O 10.Nc3 f6 
11.exf6 gxf6 12.Bh4 e5 13.dxe5 Bg4 14.h3 d4 
15.Qxd4 Nd5 16.Qxg4+ Kh8 17.exf6 Rg8 18.Qe6 Re8 
19.Qxe8+ Qxe8+ 20.Kd2 Nf4 21.Rhe1 Qd7+ 22.Kc2 
Nxg2 1-0

[Event "HCL-M872"]
[Site "www.playchess.de"]
[Date "2006.01.15"]
[Round "3"]
[White "Ezechiel"]
[Black "Bauarbeiter"]
[WhiteElo "1786"]
[BlackElo "1832"]
[PlyCount "39"]
[Result "1-0"]

1.e4 {Diesmal vielleicht kein Remis ... ?-)}  c5 
{Hallo. Remis ist nicht Mein Ziel. Will eigentlich 
immer gewinnen. Aber ich denke mal das willst du 
auch. und so kommt dann irgendwann der GEdanke an 
das Remis.
Aber spielen wir erst mal ein wenig.
Viel Glück.}  2.Nf3 {Von mir aus gerne!}  d6 
3.Bb5+ Nc6 4.d4 cxd4 5.Nxd4 Bd7 6.O-O Qb6 7.Be3 
Nf6 8.Ne6 {Attacke!}  Qa5 9.Bxc6 Bxc6 10.Bd2 Qb6 
11.Be3 Qa5 {jetzt wird es wohl remis. und das so 
schnell.}  12.b4 {Ich haette da noch ein Chance, 
aber wahrscheinlich verlier ich dann :-(}  Qxb4 
{dann schaun wir mal was jetzt passiert.}  13.Nc7+ 
Kd8 14.Nxa8 Qxe4 15.Qf3 Qxc2 16.Qg3 Ne4 17.Qh3 
{Ich wusste, das geht nicht gut aus :-(}  Qb2 
18.Na3 Nc3 19.Nc4 Qb4 20.Nab6 1-0

[Event "HCL-E1533"]
[Site "www.playchess.de"]
[Date "2006.01.15"]
[Round "23"]
[White "scylla"]
[Black "BohdanL"]
[WhiteElo "1461"]
[BlackElo "1466"]
[PlyCount "23"]
[Result "1/2-1/2"]

1.e4 g6 2.d4 Bg7 3.Nc3 d6 4.Nf3 Nf6 5.Bc4 O-O 
6.O-O Bg4 7.Be3 Nc6 8.Bb3 Re8 9.h3 Bxf3 10.Qxf3 a6 
11.Nd5 e6 12.Nxf6+ {(offering draw)} 
 1/2-1/2

[Event "HCL-B3767"]
[Site "www.playchess.de"]
[Date "2006.01.15"]
[Round "3"]
[White "Marvinni"]
[Black "joleti"]
[WhiteElo "1400"]
[BlackElo "1715"]
[PlyCount "46"]
[Result "1/2-1/2"]

1.e4 e5 2.d4 exd4 3.Qxd4 Nc6 4.Qe3 Nf6 5.Nc3 Bb4 
6.Bd2 O-O 7.O-O-O Re8 8.Bc4 Bxc3 9.Bxc3 Rxe4 
10.Bxf6 Rxe3 11.Bxd8 Re4 12.Bd3 Ra4 13.a3 Nxd8 
14.Bb5 Re4 15.Bxd7 Bxd7 16.Rxd7 Nc6 17.Nf3 Rc8 
18.Rhd1 h6 19.R1d2 {(offering draw)}  g5 20.Nd4 
Ne5 21.Nf5 Nxd7 22.Rxd7 Re6 23.Ne7+ Rxe7 
{(offering draw)}  1/2-1/2

[Event "HCL-B3820"]
[Site "www.playchess.de"]
[Date "2006.01.15"]
[Round "16"]
[White "Skipper_Robert"]
[Black "RUDI"]
[WhiteElo "973"]
[BlackElo "1257"]
[PlyCount "88"]
[Result "0-1"]

1.d4 {noch ein Versuch, Hallo}  d5 {Du hattest 
mich an die Wand gespielt, in dem vorigen Spiel, 
hallo!}  2.Nc3 Bf5 3.e3 e6 4.Nf3 Nd7 {wie war das 
überhaupt - hast Du Dich zu sicher gefühlt und 
nicht mehr gekuckt, was ich mache?}  5.Bd2 {Ich 
glaube dass war die Angst vor dem Gewinnen!}  Ngf6 
{okay, ich hab mich auch schlecht gefühlt, den 
Punkt zu kriegen, weil ich ihn nicht verdient 
hatte. Solche Partien hab ich früher schon selbst 
beendet...}  6.h3 {manchmal lohnt sich ein wenig 
Gedult!}  Bd6 7.Bb5 c6 8.Be2 O-O 9.a3 b5 10.b4 Ne4 
11.O-O Nxc3 12.Bxc3 f6 13.a4 a6 14.Bd3 Rf7 {wenn`s 
Dich aufbaut: hatte heute morgen einen ähnlich 
gelagerten Fall wie den kürzlichen - also es 
rentiert sich wirklich, bis zum Schluss am Ball zu 
bleiben. Erst ein Matt ist ein Matt.}  15.Bxf5 {in 
diesem Sinne, Moin}  exf5 16.Qe2 f4 17.exf4 Bxf4 
18.Qe6 Nb8 19.axb5 cxb5 20.Rfe1 Raa7 21.Qf5 Bh6 
22.Qe6 Rae7 23.Qf5 {Da hab ich wohl ein Matt 
verpaßt}  Rxe1+ {knapp}  24.Rxe1 g6 25.Qe6 Kg7 
26.g4 Qd7 27.Qe2 Nc6 28.Qd3 Qd6 29.Bd2 Bxd2 
30.Qxd2 Qxb4 31.c3 Qd6 32.h4 Re7 33.g5 Rxe1+ 
34.Qxe1 Ne7 35.Kg2 Nf5 36.gxf6+ Qxf6 37.Ng5 Nxh4+ 
38.Kh3 Qxg5 39.Qe6 a5 40.Qd7+ Kh6 41.Qf7 Nf5 
42.Qf8+ Ng7 43.Qf7 Qf5+ 44.Qxf5 
gxf5 0-1

[Event "HCL-C4066"]
[Site "www.playchess.de"]
[Date "2006.01.15"]
[Round "7"]
[White "tbouma"]
[Black "nico21"]
[WhiteElo "1163"]
[BlackElo "1472"]
[PlyCount "90"]
[Result "0-1"]

1.e4 {hello, from Canada!}  e5 {hello from Czech 
Republic}  2.Nf3 {we were in the Czech Republic 
last year, visting a friend in Zlin.I really 
enjoyed our visit - good beer!}  Nc6 {I live in 
Prague. But Zlin is nice town. In the Czech 
republic in the pub is beer cheaper than water. It 
is great.}  3.Bb5 a6 4.Ba4 b5 5.Bb3 Nf6 6.O-O d6 
7.Ng5 d5 8.Bxd5 Nxd5 9.exd5 Qxg5 10.dxc6 Bg4 
11.Qe1 Bh3 12.Qe4 Bd6 13.d3 Bxg2 14.Qxg2 Qxg2+ 
15.Kxg2 O-O 16.c4 bxc4 17.Rd1 cxd3 18.Rxd3 Rab8 
19.b3 Rb6 20.Rc3 Bb4 21.Rc4 Rd8 22.a3 Be7 23.Be3 
Rxb3 24.Bc5 Bxc5 25.Rxc5 f6 26.a4 Rd1 27.Rc2 Rbxb1 
28.Raa2 Rdc1 29.Rcd2 Rxc6 30.Rd8+ Kf7 31.Rad2 Rb4 
32.R8d7+ Kg6 33.a5 Rg4+ 34.Kf1 Ra4 35.R2d5 Rd6 
36.Kg2 Rxd7 37.Rxd7 Rxa5 38.Rxc7 Ra2 39.Kg3 a5 
40.h4 a4 41.Kg4 h5+ 42.Kf3 {my position is 
deteriorating...}  a3 43.Rc1 Kf5 44.Rc7 g6 45.Ra7 
Ra1 0-1

[Event "HCL-B3823"]
[Site "www.playchess.de"]
[Date "2006.01.15"]
[Round "20"]
[White "Bense"]
[Black "Skipper_Robert"]
[WhiteElo "1044"]
[BlackElo "957"]
[PlyCount "105"]
[Result "1-0"]

1.e4 e5 2.d3 Bc5 3.Nf3 Nf6 4.Nxe5 Ng4 5.Nxg4 d6 
6.b3 Qh4 7.g3 Qe7 8.h3 h5 9.Nh2 Qf6 10.f3 Qxa1 
11.Bd2 Qxa2 12.Nc3 Qa6 13.d4 Qa3 14.dxc5 Qxc5 
15.Nd5 Be6 16.Bb4 Qc6 17.Nc3 O-O 18.g4 h4 19.Bb5 
Qb6 20.f4 Qe3+ 21.Be2 Qxf4 22.Nf1 Nc6 23.Ba3 Rad8 
24.Bb2 a6 25.Bd3 Nd4 26.Ne2 Qf3 27.Rg1 Nc6 28.Bd4 
d5 29.e5 g5 30.Be3 f6 31.exf6 Qxf6 32.Qd2 Rde8 
33.Bxg5 Qa1+ 34.Qd1 Qh8 35.Bg6 Reb8 36.Bf4 Qg7 
37.Bd3 Rbe8 38.Bxc7 Nd4 39.Bd6 Rf7 40.Nxd4 Bxg4+ 
41.Ne2 Bxh3 42.Rxg7+ Kxg7 43.Nh2 Re3 44.Qa1+ Kg8 
45.Qd4 Ref3 46.Ng1 R3f4 47.Qxd5 Bg4 48.Qg5+ Kh8 
49.Be5+ R7f6 50.Nxg4 h3 51.Bxf6+ Rxf6 52.Qxf6+ Kg8 
53.Nh6+ 1-0

[Event "HCL-A2407"]
[Site "www.playchess.de"]
[Date "2006.01.15"]
[Round "23"]
[White "G501"]
[Black "Baldrick"]
[WhiteElo "1441"]
[BlackElo "1650"]
[PlyCount "78"]
[Result "0-1"]

1.Nf3 {Greetings, have a nice game.}  Nf6 {You 
too!!}  2.d4 e6 3.Bg5 Be7 4.Nc3 d5 5.e3 O-O 6.Ne5 
Nbd7 7.Bd3 c5 8.Be2 h6 9.Bh4 cxd4 10.exd4 g5 
11.Bg3 Bb4 12.O-O Bxc3 13.bxc3 Ne4 14.Qd3 Nxg3 
15.Qxg3 Qc7 16.f4 f6 17.Ng6 Rf7 18.Qh3 Rh7 19.fxg5 
f5 20.gxh6 Nf6 21.Qh4 Qd8 22.c4 Bd7 23.cxd5 exd5 
24.c4 Ne4 25.Rf4 Qb6 26.c5 Qxg6 27.Bf3 Qxh6 
28.Qxh6 Rxh6 29.Rb1 b6 30.cxb6 axb6 31.Rb2 Ra4 
32.Bxe4 fxe4 33.Rbf2 Rd6 34.R4f8+ Kg7 35.R8f7+ Kg6 
36.h4 Rxd4 37.R2f4 Rd1+ 38.Kh2 e3 39.R7f8 
e2 0-1

[Event "HCL-C4032"]
[Site "www.playchess.de"]
[Date "2006.01.15"]
[Round "3"]
[White "garden"]
[Black "ivofle"]
[WhiteElo "1034"]
[BlackElo "790"]
[PlyCount "91"]
[Result "1-0"]

1.e4 e5 2.Nf3 Nc6 3.d3 h6 4.Be2 Nf6 5.h3 Bc5 6.O-O 
Qe7 7.c3 d6 8.b4 Bb6 9.a4 Be6 10.a5 Nxa5 11.bxa5 
Bxa5 12.Rxa5 b6 13.Rb5 Nh5 14.Nxe5 dxe5 15.Bxh5 
O-O 16.Rxe5 Qd6 17.Bf4 Rae8 18.Rf5 Qe7 19.Re5 Qf6 
20.Qf3 Bxh3 21.gxh3 Rxe5 22.Bxe5 Qxe5 23.d4 Qg5+ 
24.Bg4 a5 25.Qf5 Qh4 26.Qd7 Kh7 27.Qxc7 f6 28.Bf5+ 
Kh8 29.e5 fxe5 30.Qxe5 a4 31.Bc2 Qxh3 32.Qe4 Kg8 
33.Qh7+ Kf7 34.Bg6+ Kf6 35.Be4 Qg4+ 36.Kh2 Qh4+ 
37.Kg2 Qg5+ 38.Kh3 Qh5+ 39.Kg3 Qg5+ 40.Kf3 Qh5+ 
41.Ke3 Qg5+ 42.Kd3 Qb5+ 43.c4 Qb3+ 44.Nc3 Ke7 
45.Qxg7+ Ke8 46.Bg6+ 1-0

[Event "HCL-B3726"]
[Site "www.playchess.de"]
[Date "2006.01.15"]
[Round "2"]
[White "mn"]
[Black "CYTO"]
[WhiteElo "1097"]
[BlackElo "1321"]
[PlyCount "65"]
[Result "1-0"]

1.e4 {hello to the usa}  c5 {Hello to Austria from 
the USA}  2.Nf3 d6 3.c3 Nf6 4.e5 dxe5 5.Nxe5 e6 
6.Bb5+ Bd7 7.Nxd7 Nbxd7 8.d4 Be7 9.Bg5 O-O 10.dxc5 
Nxc5 11.O-O Qb6 12.a4 Nce4 13.Be3 Bc5 14.Bxc5 Qxc5 
15.Nd2 a6 16.Nxe4 Nxe4 17.Bd3 Rad8 18.Qc2 Nf6 
19.b4 Qc7 20.b5 axb5 21.Bxb5 Ng4 22.g3 Rd5 23.c4 
Rh5 24.h4 Rxh4 25.Qe4 h5 26.Rad1 Rh3 27.Rd7 Nf6 
28.Rxc7 Nxe4 29.Kg2 Ng5 30.f4 Rd8 31.fxg5 Rxg3+ 
32.Kxg3 g6 33.Rfxf7 1-0

[Event "HCL-B3654"]
[Site "www.playchess.de"]
[Date "2006.01.15"]
[Round "2"]
[White "scotty4u"]
[Black "DaLyrik"]
[WhiteElo "1295"]
[BlackElo "1200"]
[PlyCount "65"]
[Result "1-0"]

1.e4 d6 2.d4 c6 3.Nf3 Nd7 4.Bc4 b5 5.Bd3 d5 6.e5 
e6 7.O-O c5 8.Bxb5 a6 9.Ba4 cxd4 10.Nxd4 g6 11.Nc3 
Bg7 12.f4 Ne7 13.Be3 O-O 14.Rb1 Nc5 15.Nc6 Nxc6 
16.Bxc6 Bb7 17.Bxc5 Bxc6 18.Bxf8 Qxf8 19.g3 Bb5 
20.Rf2 Bc4 21.b3 Bb5 22.a4 Bc6 23.b4 Rb8 24.b5 d4 
25.Ne2 axb5 26.Nxd4 Bd7 27.axb5 Qe8 28.c4 f6 
29.exf6 Bxf6 30.Rd2 Rb7 31.c5 Bxb5 32.Nxb5 Rxb5 
33.Rxb5 1-0

[Event "HCL-B3823"]
[Site "www.playchess.de"]
[Date "2006.01.16"]
[Round "1"]
[White "dynamike"]
[Black "bob19"]
[WhiteElo "1610"]
[BlackElo "1399"]
[PlyCount "48"]
[Result "0-1"]

1.e4 e5 2.Nf3 Nc6 3.Bc4 Bc5 4.O-O Nf6 5.Nc3 O-O 
6.h3 h6 7.a3 a6 8.b4 Ba7 9.Qe2 d6 10.Bb2 Bd7 
11.Rad1 Qc8 12.Kh2 Nd4 13.Nxd4 Bxd4 14.f4 b5 
15.Ba2 exf4 16.Rxf4 Be5 17.Qf3 Bxf4+ 18.Qxf4 Be6 
19.d4 Bxa2 20.Nxa2 Qe6 21.Nc3 Rae8 22.Re1 Qc4 
23.Re3 Qxd4 24.Rg3 Nh5 0-1

[Event "HCL-A2546"]
[Site "www.playchess.de"]
[Date "2006.01.16"]
[Round "14"]
[White "hreed"]
[Black "MimiSiku"]
[WhiteElo "1477"]
[BlackElo "1507"]
[PlyCount "30"]
[Result "0-1"]

1.e4 {welcome from Boston, good chess!}  e6 2.d4 
d5 3.Nd2 dxe4 4.Nxe4 Nf6 5.Nxf6+ Qxf6 6.Nf3 b6 
7.Bg5 Qf5 8.Bd3 Qa5+ 9.c3 Bb7 10.Bf4 Bd6 11.Qd2 
Bxf3 12.gxf3 Nd7 13.Rg1 g6 14.Rg5 f5 15.Qe2 
Bxf4 0-1

[Event "HCL-A2546"]
[Site "www.playchess.de"]
[Date "2006.01.16"]
[Round "1"]
[White "hreed"]
[Black "mrchess"]
[WhiteElo "1477"]
[BlackElo "1489"]
[PlyCount "34"]
[Result "0-1"]

1.e4 c5 2.Nf3 Nc6 3.Bb5 Qb6 4.Nc3 d6 5.O-O Bd7 
6.Nd5 Qa5 7.c3 e6 8.Bxc6 Bxc6 9.Ne3 Bxe4 10.d4 
cxd4 11.Nxd4 Nf6 12.c4 Be7 13.b3 O-O 14.Bd2 Qd8 
15.Re1 a6 16.Ng4 Bg6 17.Nc2 Nxg4 0-1

[Event "HCL-A2559"]
[Site "www.playchess.de"]
[Date "2006.01.16"]
[Round "8"]
[White "gridguy"]
[Black "PLUTARCO"]
[WhiteElo "1745"]
[BlackElo "1700"]
[PlyCount "30"]
[Result "0-1"]

1.d4 {Happy New Year from Seattle}  Nf6 {Same to 
you from Canary Islands}  2.c4 e6 3.g3 d5 4.Nf3 
Be7 5.Nc3 Bb4 6.Bg2 O-O 7.O-O dxc4 8.Ne5 Nd5 9.Bd2 
Nb6 10.e3 f6 11.Ng4 e5 12.Ne4 Bxd2 13.Nxd2 h5 
14.Nh6+ gxh6 15.Qxh5 Kg7 0-1

[Event "HCL-T260"]
[Site "www.playchess.de"]
[Date "2006.01.16"]
[Round "10"]
[White "hal1958"]
[Black "luciano59"]
[WhiteElo "1448"]
[BlackElo "2271"]
[PlyCount "60"]
[Result "0-1"]

1.e4 d6 2.d4 Nf6 3.Nc3 g6 4.f4 c6 5.Nf3 {have a 
nice game}  Bg7 6.Be2 O-O 7.O-O Na6 8.e5 Ne8 9.Be3 
Nec7 10.h3 Nb4 11.a3 Nbd5 12.Nxd5 Nxd5 13.Bd2 b5 
14.b3 Qc7 15.c4 bxc4 16.bxc4 Nb6 17.Ba5 c5 18.dxc5 
Qxc5+ 19.Nd4 dxe5 20.Bb4 Qxd4+ 21.Qxd4 exd4 22.Bf3 
Rb8 23.Bxe7 Nxc4 24.Bxf8 Bxf8 25.a4 Nd2 26.Rfd1 
Nxf3+ 27.gxf3 Bf5 28.Kg2 d3 29.h4 Bd6 30.Kg3 
Rb4 0-1

[Event "HCL-A2542"]
[Site "www.playchess.de"]
[Date "2006.01.16"]
[Round "9"]
[White "ippuli"]
[Black "alvimrf"]
[WhiteElo "1637"]
[BlackElo "1784"]
[PlyCount "54"]
[Result "0-1"]

1.e4 {Hello! Good luck...}  c5 {you too!}  2.d4 
Nf6 3.e5 Nd5 4.dxc5 Qa5+ 5.Bd2 Qxc5 6.Nf3 Nc6 7.c3 
d6 8.c4 Nb6 9.exd6 Nxc4 10.dxe7 Qxe7+ 11.Be2 Bg4 
12.O-O Nxd2 13.Nbxd2 Qb4 14.Re1 Be7 15.h3 Be6 
16.b3 O-O 17.a3 Qf4 18.Bb5 Rfe8 19.Re4 Qf6 20.Bxc6 
bxc6 21.Nd4 Bd5 22.Rg4 h5 23.Ne4 Bxe4 24.Rxe4 Rad8 
25.Qd3 c5 26.Qa6 {oops}  Qxa6 27.Nf5 {In here, 
too...}  Qf6 0-1

[Event "HCL-M849"]
[Site "www.playchess.de"]
[Date "2006.01.16"]
[Round "2"]
[White "BDG_Girl"]
[Black "Daiva"]
[WhiteElo "2055"]
[BlackElo "1852"]
[PlyCount "22"]
[Result "0-1"]

1.d4 {Hello and good luck!}  d5 {Hello from 
Lithuania! How are you?}  2.e4 dxe4 3.Nc3 Nf6 4.f3 
exf3 5.Nxf3 Bg4 6.h3 Bh5 7.g4 Bg6 8.Ne5 e6 9.Qf3 
c6 10.g5 Bh5 {Merry Christmas! I'm wishing you the 
Happiest of Holidays!}  11.Qf2 
Nfd7 0-1

[Event "HCL-A2558"]
[Site "www.playchess.de"]
[Date "2006.01.16"]
[Round "1"]
[White "SMLooking"]
[Black "pawnstorm"]
[WhiteElo "1413"]
[BlackElo "1555"]
[PlyCount "43"]
[Result "1-0"]

1.d4 {hi again ,gl}  f5 {Hello}  2.c4 Nf6 3.Nc3 d6 
4.Bg5 Nbd7 5.Nf3 g6 6.e3 Bg7 7.Bd3 O-O 8.O-O c5 
9.d5 a6 10.Rb1 Rb8 11.a3 h6 12.Bh4 Qe8 13.h3 Nh5 
14.Qc2 Nb6 15.b4 cxb4 16.Rxb4 Nd7 17.Ne2 Nc5 
18.Nf4 g5 19.Nxh5 Qxh5 20.Bg3 Bd7 21.Nd4 f4 
22.Bg6 1-0

[Event "ACL-M076"]
[Site "www.playchess.de"]
[Date "2006.01.16"]
[Round "1"]
[White "Yelva"]
[Black "Goofy"]
[WhiteElo "2017"]
[BlackElo "1897"]
[PlyCount "142"]
[Result "1/2-1/2"]

1.Nf3 {Hallo - auf ein neues... :-))}  d5 {Hi 
again, good game! ;o))}  2.g3 g6 3.Bg2 Bg7 4.O-O 
e5 5.d3 Ne7 6.e4 O-O 7.exd5 Nxd5 8.Nbd2 c6 9.Re1 
Re8 10.Nc4 Bg4 11.h3 Bxf3 12.Qxf3 Na6 13.Ne3 Nac7 
14.Bd2 f5 15.Rad1 Qd7 16.c3 Nb6 17.Bc1 Ne6 18.Qe2 
Rad8 19.Nc4 Nxc4 20.dxc4 {Back from Samos and Le 
Mans!!}  Qf7 21.Be3 Rxd1 22.Qxd1 a6 23.Qe2 e4 
24.c5 Bf8 25.b4 Bg7 26.Qc2 Rd8 27.Bf1 Nc7 28.Bg5 
Rd7 29.f3 h6 30.Bf4 exf3 31.Bxc7 Rxc7 32.Re3 Re7 
33.Rxf3 Re1 34.Kh2 Qe6 35.Qf2 Ra1 36.c4 Qe5 37.Rd3 
Rb1 38.a3 a5 39.bxa5 Bf8 40.Rd8 Rb2 41.Rd2 Rxd2 
42.Qxd2 Qxc5 43.Qd7 f4 44.Qe6+ Kg7 45.Qd7+ Kf6 
46.Qd8+ Be7 47.Qd2 fxg3+ 48.Kxg3 Qxa3+ 49.Kg2 g5 
50.Qd4+ Ke6 51.Qe4+ Kd7 52.Be2 Qb2 53.Kf3 Qf6+ 
54.Kg4 Kc7 55.Kh5 Qf8 56.Bd3 Qf6 57.Be2 Kb8 58.Qg6 
Qe5 59.Qe8+ Ka7 60.Bg4 Qf6 61.Qg6 Qf4 62.Qe6 Bc5 
63.Kxh6 Ka6 64.Qc8 Qf6+ 65.Kh5 Qf7+ 66.Kh6 Kxa5 
67.Qd8+ Ka6 68.Qa8+ Ba7 69.Bc8 Qf6+ 70.Kh5 Qe7 
71.Kg6 c5 {(offering draw)}  1/2-1/2

[Event "HCL-A2515"]
[Site "www.playchess.de"]
[Date "2006.01.16"]
[Round "10"]
[White "taroak"]
[Black "sonnygarcia"]
[WhiteElo "1399"]
[BlackElo "1006"]
[PlyCount "57"]
[Result "1-0"]

1.e4 e6 2.d4 d5 3.Nc3 Bb4 4.e5 c5 5.Bd2 cxd4 6.Nb5 
Bxd2+ 7.Qxd2 Nc6 8.f4 Nge7 9.Nf3 O-O 10.Nbxd4 Nxd4 
11.Nxd4 Ng6 12.O-O-O Bd7 13.g4 Nh4 14.Bh3 f6 
15.Rhe1 f5 16.gxf5 exf5 17.e6 Bc8 18.e7 Qe8 
19.exf8Q+ Qxf8 20.Re5 Qf7 21.Rde1 Bd7 22.R5e7 Qf6 
23.Rxd7 Ng6 24.Nxf5 b6 25.Ne7+ Nxe7 26.Rexe7 Rf8 
27.Rexg7+ Qxg7 28.Rxg7+ Kxg7 29.Qxd5 1-0

[Event "HCL-B3821"]
[Site "www.playchess.de"]
[Date "2006.01.16"]
[Round "8"]
[White "maus"]
[Black "dynamike"]
[WhiteElo "1327"]
[BlackElo "1610"]
[PlyCount "69"]
[Result "1/2-1/2"]

1.e4 {hello!}  c5 2.e5 Nc6 3.Nf3 e6 4.Bc4 Qc7 
5.Qe2 Nge7 6.b3 a6 7.Bb2 b5 8.Bd3 Nd5 9.O-O Nf4 
10.Qe4 Nxd3 11.cxd3 Be7 12.d4 Bb7 13.Qg4 O-O 14.a3 
cxd4 15.Bxd4 Nxd4 16.Qxd4 Bxf3 17.gxf3 Rac8 18.Nc3 
Bc5 19.Qg4 f5 20.Qf4 Be7 21.a4 g5 22.Qe3 b4 23.Ne2 
h6 24.h3 Bc5 25.Nd4 Bxd4 26.Qxd4 a5 27.Qe3 
{(offering draw)}  f4 28.Qe4 Rf5 29.d4 d5 30.Qd3 
Qc3 31.Qd1 Qc6 32.Rc1 Qb7 33.Rxc8+ Qxc8 34.Kh2 Kg7 
35.Rg1 {(offering draw)}  1/2-1/2

[Event "HCL-C4061"]
[Site "www.playchess.de"]
[Date "2006.01.16"]
[Round "4"]
[White "Mongol"]
[Black "Talisman77"]
[WhiteElo "1229"]
[BlackElo "1225"]
[PlyCount "47"]
[Result "1-0"]

1.e4 e5 2.Nf3 Nc6 3.Bc4 Bc5 4.d3 Nf6 5.Ng5 O-O 
6.Nxf7 Rxf7 7.Bxf7+ Kxf7 8.Bg5 Kg8 9.Nc3 Qf8 
10.O-O Nd4 11.Bxf6 Qxf6 12.Nd5 Qd6 13.Qg4 b6 
14.Qg5 Bb7 15.b4 Nxc2 16.bxc5 bxc5 17.Ne7+ Kh8 
18.Nf5 Rg8 19.Rab1 Qa6 20.Rbc1 Qxa2 21.f4 d6 
22.fxe5 g6 23.Qf6+ Rg7 24.Qxg7+ 1-0

[Event "HCL-M864"]
[Site "www.playchess.de"]
[Date "2006.01.16"]
[Round "2"]
[White "boniek"]
[Black "TealBeatle"]
[WhiteElo "1810"]
[BlackElo "1944"]
[PlyCount "50"]
[Result "1/2-1/2"]

1.e4 {hallo goeie partij gewenst}  c5 {dank en van 
hetzelfde ;)}  2.d4 cxd4 3.c3 Nc6 4.cxd4 d5 5.exd5 
Qxd5 6.Nf3 e5 7.Nc3 Bb4 8.Be3 exd4 9.Bxd4 Nge7 
10.a3 Bxc3+ 11.Bxc3 O-O 12.Be2 Bg4 13.O-O Rad8 
14.Qa4 Qh5 15.Rfe1 Nd5 16.Bd2 Rfe8 17.Rad1 Nb6 
18.Qf4 Ne5 19.Bc3 Nxf3+ {Gelukkig Nieuwjaar!}  
20.Bxf3 {eensgelijks!}  Bxf3 21.Rxe8+ Rxe8 22.Qxf3 
Qxf3 23.gxf3 Na4 24.Rd7 Nxc3 25.bxc3 Rb8 
{(offering draw)}  1/2-1/2

[Event "HCL-A2527"]
[Site "www.playchess.de"]
[Date "2006.01.16"]
[Round "30"]
[White "mrchess"]
[Black "seisan"]
[WhiteElo "1432"]
[BlackElo "1491"]
[PlyCount "76"]
[Result "0-1"]

1.d4 {good luck}  Nf6 {you too.}  2.e3 d5 3.Bd3 
Nc6 4.c3 Bg4 5.Qc2 e6 6.Nd2 Bd6 7.f4 O-O 8.Ngf3 
Ne7 9.O-O c5 10.Qd1 c4 11.Bc2 b5 12.Qe1 a5 13.Ne5 
Bh5 14.Qh4 Bg6 15.Bxg6 Nxg6 16.Nxg6 hxg6 17.Nf3 
Ne4 18.Qxd8 Rfxd8 19.Ne5 Bxe5 20.fxe5 b4 21.cxb4 
axb4 22.a4 b3 23.Ra3 Rdb8 24.Rd1 c3 25.Rd3 Rb7 
26.a5 Ra6 27.Kf1 Rb5 28.Ke2 Rc6 29.Kf3 cxb2 
30.Bxb2 Rc2 31.Rdxb3 Rxb3 32.Rxb3 Nd2+ 33.Kg3 Nxb3 
34.a6 Rxb2 35.a7 Ra2 36.a8Q+ Rxa8 37.Kf4 Ra1 38.h4 
Rf1+ 0-1

[Event "HCL-C4014"]
[Site "www.playchess.de"]
[Date "2006.01.16"]
[Round "8"]
[White "Kelthek"]
[Black "Milosforman"]
[WhiteElo "657"]
[BlackElo "937"]
[PlyCount "72"]
[Result "0-1"]

1.e4 c5 2.Nc3 e6 3.g3 d6 4.Bb5+ Bd7 5.f4 Bxb5 
6.Nxb5 a6 7.Nc3 b5 8.Nf3 b4 9.Na4 Nc6 10.d3 Be7 
11.Ng5 Bxg5 12.fxg5 h6 13.Qh5 g6 14.Qh3 h5 15.Bf4 
Nge7 16.Rf1 d5 17.Qg2 h4 18.gxh4 d4 19.Nxc5 Qb6 
20.Bd6 Nc8 21.Bg3 Qxc5 22.Qf2 N8e7 23.Rc1 e5 
24.Qf6 Rf8 25.Qg7 Ra7 26.c4 bxc3 27.Kf2 c2 28.Kg1 
Nb4 29.Bxe5 Nec6 30.Bf6 Nxd3 31.Rxc2 Qxc2 32.h5 
gxh5 33.g6 Qe2 34.Bg5 Qg4+ 35.Kh1 Qxg5 36.Rg1 
Nf2+ 0-1

[Event "HCL-B3724"]
[Site "www.playchess.de"]
[Date "2006.01.16"]
[Round "4"]
[White "Akkarin"]
[Black "thor"]
[WhiteElo "1343"]
[BlackElo "993"]
[PlyCount "129"]
[Result "1-0"]

1.d3 {Hello from Imardin, Kyralia}  e6 2.e4 d5 
3.Nd2 dxe4 4.dxe4 Nf6 5.Ngf3 Be7 6.Be2 O-O 7.O-O 
b6 8.c3 Bb7 9.Qc2 c5 10.Rd1 Qc7 11.Bd3 Nc6 12.Nf1 
Ne5 13.Nxe5 Qxe5 14.f4 Qc7 15.Ng3 c4 16.Be2 Bc5+ 
17.Kh1 b5 18.Bf3 Rad8 19.Bd2 a5 20.Rdf1 b4 21.cxb4 
axb4 22.Rad1 Ba6 23.Rfe1 Bf2 24.Ref1 Bxg3 25.hxg3 
c3 26.Rfg1 Bd3 27.Qc1 Rdc8 28.bxc3 e5 29.cxb4 Qxc1 
30.Bxc1 Bxe4 31.fxe5 Bxf3 32.gxf3 Rc2 33.Rg2 Rfc8 
34.exf6 R2xc1 35.Rxc1 Rxc1+ 36.Kh2 gxf6 37.Rb2 Rc8 
38.a4 Kf8 39.a5 Ke7 40.a6 Kd6 41.b5 Kc7 42.b6+ Kb8 
43.Kh3 Rc6 44.a7+ Kb7 45.Rb3 f5 46.Kh4 h6 47.g4 
fxg4 48.Kxg4 Rg6+ 49.Kf4 h5 50.Kf5 h4 51.f4 Rh6 
52.Kg5 Rh8 53.Kg4 f5+ 54.Kh3 Rh6 55.Rb5 Rh8 
56.Rxf5 Kxb6 57.Rf7 Ra8 58.Kxh4 Kc6 59.Kg5 Kd6 
60.Kf6 Re8 61.f5 Rh8 62.Kg7 Ra8 63.f6 Ke6 64.Re7+ 
Kd6 65.Kf7 1-0

[Event "HCL-E1518"]
[Site "www.playchess.de"]
[Date "2006.01.16"]
[Round "5"]
[White "q77ro"]
[Black "Henk"]
[WhiteElo "1469"]
[BlackElo "1806"]
[PlyCount "54"]
[Result "1/2-1/2"]

1.e4 c5 2.Nf3 d6 3.Bb5+ Bd7 4.Bxd7+ Qxd7 5.d4 cxd4 
6.Nxd4 Nf6 7.Nc3 e6 8.Bg5 Be7 9.O-O Nc6 10.Nxc6 
bxc6 11.h3 h6 12.Be3 Qb7 13.Rb1 Rd8 14.Qd4 c5 
15.Qa4+ Qd7 16.a3 Qxa4 17.Nxa4 Nxe4 18.f3 Ng3 
19.Rfe1 Nf5 20.Bf2 O-O 21.b4 cxb4 22.axb4 Rdc8 
23.c3 Bh4 24.Bxh4 Nxh4 25.Re4 {(offering draw)}  
Nf5 26.c4 Rc7 27.c5 dxc5 {(offering draw)} 
 1/2-1/2

[Event "HCL-B3754"]
[Site "www.playchess.de"]
[Date "2006.01.16"]
[Round "1"]
[White "fire-serpent"]
[Black "blue"]
[WhiteElo "1140"]
[BlackElo "989"]
[PlyCount "62"]
[Result "0-1"]

1.e4 e5 {hello,   what part of the philippines is 
home?  my wife is from cebu.}  2.Nf3 d6 3.d4 Bg4 
4.dxe5 Bxf3 5.Qxf3 dxe5 6.Bc4 Nf6 7.Qb3 Qe7 8.Qxb7 
Qb4+ 9.Qxb4 Bxb4+ 10.c3 Bd6 11.Bg5 Nxe4 12.Bh4 O-O 
13.Nd2 Nc5 14.O-O-O Nc6 15.Bd5 Nd3+ 16.Kc2 Ncb4+ 
17.Kb3 Nxd5 18.Ne4 N3f4 19.g3 Rab8+ 20.Kc2 Ng6 
21.Nxd6 Nb6 22.c4 cxd6 23.Rxd6 Nxc4 24.Rd5 Rfc8 
25.Kb1 Rxb2+ 26.Ka1 f6 27.Rhd1 Rxf2 28.R5d8+ Rxd8 
29.Rxd8+ Kf7 30.Rd7+ Ne7 31.Rxa7 
g5 0-1

[Event "HCL-B3788"]
[Site "www.playchess.de"]
[Date "2006.01.16"]
[Round "15"]
[White "handrej68"]
[Black "PhilipKaveny"]
[WhiteElo "1437"]
[BlackElo "1384"]
[PlyCount "78"]
[Result "0-1"]

1.d4 d5 2.Nf3 e6 3.e3 c6 4.Bd3 Bd6 5.O-O Nf6 
6.Nbd2 O-O 7.Ne5 Nbd7 8.f4 c5 9.c3 a6 10.Ndf3 Qc7 
11.Bd2 c4 12.Bc2 b5 13.Be1 Rb8 14.Bh4 a5 15.Nxd7 
Bxd7 16.Ne5 Bxe5 17.Bxf6 Bxf6 18.Qh5 g6 {I thought 
 Bx H7 was best :0}  19.Qf3 Bg7 20.h4 b4 21.h5 
bxc3 22.hxg6 fxg6 23.bxc3 Rb2 24.Rfc1 Rfb8 25.g4 
Rf8 26.a4 Rbb8 27.Kg2 e5 28.dxe5 Bxe5 29.Qxd5+ Rf7 
30.Qxe5 Bc6+ 31.Kh2 Qxe5 32.fxe5 Rf2+ 33.Kh3 Rb2 
34.Rab1 Rfxc2 35.Rxc2 Rxb1 36.Rd2 Bxa4 37.Rd4 Bb5 
38.e6 Kf8 39.Rd5 Ke7 0-1

[Event "HCL-C4061"]
[Site "www.playchess.de"]
[Date "2006.01.16"]
[Round "10"]
[White "Talisman77"]
[Black "IRONMAIDEN"]
[WhiteElo "1225"]
[BlackElo "1393"]
[PlyCount "58"]
[Result "0-1"]

1.d4 {Hi}  d5 {Hello!!}  2.c4 Nf6 3.Nc3 e6 4.Nf3 
dxc4 5.e3 Bd6 6.Bxc4 O-O 7.O-O b6 8.e4 Be7 9.Bf4 
a6 10.d5 exd5 11.exd5 c6 12.Re1 Bc5 13.d6 b5 
14.Ne4 Bb4 15.Re3 bxc4 16.a3 Ba5 17.Ne5 Nxe4 
18.Rxe4 c3 19.bxc3 Bxc3 20.Rc1 Bxe5 21.Bxe5 Be6 
22.Rd4 Nd7 23.Qe2 Nxe5 24.Qxe5 Bd7 25.Qe7 Re8 
26.Qg5 Qxg5 27.Rb1 Rab8 28.Rbd1 Rb3 29.a4 
Qc5 0-1

[Event "HCL-A2554"]
[Site "www.playchess.de"]
[Date "2006.01.16"]
[Round "5"]
[White "freno"]
[Black "Jule"]
[WhiteElo "1577"]
[BlackElo "1432"]
[PlyCount "69"]
[Result "1-0"]

1.e4 {happy new year}  e5 {Thank you. Lifestile 
the same to you}  2.Bc4 Nf6 3.d3 h6 4.Nc3 c6 
5.Nge2 Bb4 6.O-O O-O 7.a3 Ba5 8.f4 Bb6+ 9.Kh1 d6 
10.Ng3 Bg4 11.Qe1 Nbd7 12.f5 Nh5 13.Nxh5 Bxh5 
14.Qg3 Nf6 15.Bxh6 Ng4 16.Bd2 Re8 17.h3 Nf2+ 
18.Rxf2 Bxf2 19.Qxf2 Kf8 20.g4 d5 21.exd5 Bxg4 
22.hxg4 e4 23.dxe4 Qd7 24.Kg2 b5 25.Bd3 a6 26.Rh1 
f6 27.dxc6 Qxc6 28.Nd5 a5 29.Rh8+ Kf7 30.Rxe8 Qxe8 
31.Nc7 Qc6 32.Nxa8 Qxa8 33.Qc5 Kg8 34.Qd5+ Qxd5 
35.exd5 1-0